书目信息 |
| 题名: |
实用化工产品配方与制备
|
|
| 作者: | 李东光 主编 | |
| 分册: | 六 | |
| 出版信息: | 北京 中国纺织出版社 2013 |
|
| 页数: | 11, 368页 | |
| 开本: | 21cm | |
| 丛书名: | ||
| 单 册: | ||
| 中图分类: | TQ062 , TQ075 | |
| 科图分类: | ||
| 主题词: | 化工产品--hua gong chan pin--配方 , 化工产品--hua gong chan pin--制备 | |
| 电子资源: | ||
| ISBN: | 978-7-5064-9556-1 | |
| 000 | 01051nam0 2200277 45 | |
| 001 | 012001002351 | |
| 005 | 20191121142811.54 | |
| 010 | @a978-7-5064-9556-1@dCNY68.00 | |
| 099 | @aCAL 012013052298 | |
| 100 | @a20130419d2013 em y0chiy0121 ea | |
| 101 | 0 | @achi |
| 102 | @aCN@b110000 | |
| 105 | @ay a 000yy | |
| 106 | @ar | |
| 200 | 1 | @a实用化工产品配方与制备@Ashi yong hua gong chan pin pei fang yu zhi bei@h六@f李东光主编 |
| 210 | @a北京@c中国纺织出版社@d2013 | |
| 215 | @a11, 368页@d21cm | |
| 320 | @a有书目 (第368页) | |
| 330 | @a本书收集了与国民经济和人民生活密切相关的、具有代表性的实用化学品以及一些具有良好发展前景的新型化学品,内容涉及外墙涂料、织物胶黏剂、洗衣粉、磷化液、防冻液、复合肥、防锈剂、絮凝剂、文教化学品、油田助剂几方面,以满足不同领域和层面使用者的需要。 | |
| 606 | 0 | @a化工产品@Ahua gong chan pin@x配方 |
| 606 | 0 | @a化工产品@Ahua gong chan pin@x制备 |
| 690 | @aTQ062@v5 | |
| 690 | @aTQ075@v5 | |
| 701 | 0 | @a李东光@ALi Dongguang@4主编 |
| 801 | 0 | @aCN@b北京卓展@c20191020 |
| 905 | @b1205374-7@dTQ062@e534:6@f4 | |
| 实用化工产品配方与制备.六/李东光主编.-北京:中国纺织出版社,2013 |
| 11, 368页;21cm |
| ISBN 978-7-5064-9556-1:CNY68.00 |
| 本书收集了与国民经济和人民生活密切相关的、具有代表性的实用化学品以及一些具有良好发展前景的新型化学品,内容涉及外墙涂料、织物胶黏剂、洗衣粉、磷化液、防冻液、复合肥、防锈剂、絮凝剂、文教化学品、油田助剂几方面,以满足不同领域和层面使用者的需要。 |
| ● |
| 相关链接 |
|
|
|
|
正题名:实用化工产品配方与制备
索取号:TQ062/534:6
 
预约/预借
| 序号 | 登录号 | 条形码 | 馆藏地/架位号 | 状态 | 备注 |
| 1 | 1205374 | 212053748 | 第二样本阅览室/ [索取号:TQ062/534:6] | 在馆 | |
| 2 | 1205375 | 212053757 | 第三借阅区/ [索取号:TQ062/534:6] | 在馆 | |
| 3 | 1205376 | 212053766 | 第三借阅区/ [索取号:TQ062/534:6] | 在馆 | |
| 4 | 1205377 | 212053775 | 第三借阅区/ [索取号:TQ062/534:6] | 在馆 |